MDQL
is popping MORE tags! Check the
thread
!
Quizzes
Events
Quiz Creation
Community
Videos
Private Events
Remove Ads
Sign In
Join for FREE
Feedback
Dark Mode
Quiz Categories
Sports
Geography
Music
Movies
Television
Just For Fun
Miscellaneous
History
Literature
Language
Science
Gaming
Entertainment
Religion
Holiday
For Kids
Quiz Lab
Recent
Popular Today
Quiz Kudos Today
Editor Picks
Curator Picks
Quizzes by...
Day
Popularity
Type
Ratings
Length
Year
Community
Subscriptions
Recent Discussions
Orange Saloon
Badges
Playlists
Quests
Create
Leaderboards
Showdown
Live 5
Trivia Bingo
Activity
Puzzle Library
Sporcle Events
Private Events
Virtual Trivia
Globe League
Become a Host
Pub Owners
SporcleCon
Opinionation
Our Games
Videos
Blog
Mobile Apps
Partnerships
Remove Ads and Go Orange
Feedback
Gaming
Video Games
Board Games
Card Games
Pokémon
Mario
Nintendo
Minecraft
Console
Toys
Legend of Zelda
Gaming
Video Games
Board Games
Card Games
Pokémon
Mario
Nintendo
Minecraft
Console
Toys
Legend of Zelda
Random Quiz
Search Sporcle
×
Quiz Lab
Quiz Lab
Gaming
Video Games
Type in answers that appear in a list
Type in answers that appear in a list
Classic
Best Score? Go Orange.
Hearthstone - TGT Cards Stats
Can you name all of the Grand Tournament cards in Hearthstone?
By
pokefreak123
17m
132 Questions
63 Plays
63 Plays
63 Plays
Comments
Comments
Give Quiz Kudos
Give Quiz Kudos
-
- Ratings
hide this ad
More Info
Replay
Link that replays current quiz
Next Quiz
Link to next quiz in quiz playlist
You Got
0%
They Got
Avg Score
64%
Avg Friend Score
Upgrade to see
Score Distribution
Jump to the score distribution portion of the page
Score
0/132
Timer
17:00
0
Plays Today
Class
Card Name
% Correct
Mage
Rhonin
95.2%
Hunter
Dreadscale
93.7%
Priest
Confessor Paletress
93.7%
Rogue
Anub'arak
93.7%
Druid
Aviana
92.1%
Hunter
Acidmaw
92.1%
Warrior
Varian Wrynn
92.1%
Paladin
Eadric the Pure
90.5%
Warlock
Wilfred Fizzlebang
90.5%
Neutral 3
Nexus-Champion Saraad
87.3%
Neutral 3
Frost Giant
84.1%
Neutral 1
Eydis Darkbane
84.1%
Neutral 1
Fjola Lightbane
84.1%
Mage
Dalaran Aspirant
82.5%
Paladin
Murloc Knight
82.5%
Shaman
The Mistcaller
82.5%
Neutral 1
Lowly Squire
82.5%
Neutral 3
The Skeleton Knight
82.5%
Mage
Arcane Blast
79.4%
Mage
Effigy
79.4%
Paladin
Competitive Spirit
79.4%
Warlock
Fearsome Doomguard
79.4%
Paladin
Mysterious Challenger
77.8%
Shaman
Thunder Bluff Valiant
77.8%
Druid
Darnassus Aspirant
76.2%
Paladin
Argent Lance
76.2%
Neutral 3
Justicar Trueheart
76.2%
Druid
Living Roots
74.6%
Druid
Astral Communion
74.6%
Hunter
Brave Archer
74.6%
Rogue
Poisoned Blade
73%
Shaman
Elemental Destruction
73%
Neutral 2
Gormok the Impaler
73%
Neutral 2
Kvaldir Raider
73%
Druid
Savage Combatant
71.4%
Hunter
Ball of Spiders
71.4%
Mage
Flame Lance
71.4%
Shaman
Healing Wave
71.4%
Warlock
Dark Bargain
71.4%
Warrior
King's Defender
71.4%
Neutral 1
Gadgetzan Jouster
71.4%
Druid
Mulch
69.8%
Hunter
King's Elekk
69.8%
Mage
Fallen Hero
69.8%
Class
Card Name
% Correct
Mage
Coldarra Drake
69.8%
Shaman
Tuskarr Totemic
69.8%
Neutral 1
Injured Kvaldir
69.8%
Neutral 2
Mukla's Champion
69.8%
Neutral 3
Bolf Ramshield
69.8%
Neutral 3
Icehowl
69.8%
Rogue
Undercity Valiant
68.3%
Neutral 3
Kodorider
68.3%
Neutral 3
North Sea Kraken
68.3%
Druid
Knight of the Wild
66.7%
Hunter
Powershot
66.7%
Paladin
Enter the Coliseum
66.7%
Shaman
Totem Golem
66.7%
Warrior
Bash
66.7%
Neutral 1
Garrison Commander
66.7%
Neutral 2
Tournament Medic
66.7%
Neutral 3
Mogor's Champion
66.7%
Hunter
Bear Trap
65.1%
Paladin
Warhorse Trainer
65.1%
Rogue
Burgle
65.1%
Warrior
Alexstrasza's Champion
65.1%
Neutral 1
Tournament Attendee
65.1%
Neutral 3
Master Jouster
65.1%
Druid
Druid of the Saber
63.5%
Hunter
Lock and Load
63.5%
Hunter
Ram Wrangler
63.5%
Paladin
Tuskarr Jouster
63.5%
Priest
Holy Champion
63.5%
Shaman
Charged Hammer
63.5%
Warrior
Sparring Partner
63.5%
Neutral 2
Maiden of the Lake
63.5%
Druid
Wildwalker
61.9%
Paladin
Seal of Champions
61.9%
Priest
Spawn of Shadows
61.9%
Warlock
Tiny Knight of Evil
61.9%
Neutral 1
Fencing Coach
61.9%
Neutral 2
Armored Warhorse
61.9%
Mage
Spellslinger
60.3%
Priest
Flash Heal
60.3%
Priest
Confuse
60.3%
Priest
Convert
60.3%
Warlock
Void Crusher
60.3%
Neutral 3
Recruiter
60.3%
Rogue
Buccaneer
58.7%
Class
Card Name
% Correct
Rogue
Beneath the Grounds
58.7%
Warlock
Dreadsteed
58.7%
Warrior
Bolster
58.7%
Neutral 1
Lance Carrier
58.7%
Neutral 3
Captured Jormungar
58.7%
Warlock
Demonfuse
57.1%
Warrior
Orgrimmar Aspirant
57.1%
Warrior
Sea Reaver
57.1%
Neutral 1
Argent Horserider
57.1%
Neutral 2
Silver Hand Regent
57.1%
Neutral 3
Sideshow Spelleater
57.1%
Neutral 3
Chillmaw
57.1%
Priest
Power Word: Glory
55.6%
Neutral 2
GET YOUR FUNNEL CAKES HERE!
55.6%
Neutral 2
Twilight Guardian
55.6%
Neutral 3
Skycap'n Kragg
55.6%
Hunter
Stablemaster
54%
Warlock
Fist of Jaraxxus
54%
Neutral 1
Coliseum Manager
54%
Neutral 3
Grand Crusader
54%
Shaman
Draenei Totemcarver
52.4%
Priest
Shadowfiend
50.8%
Rogue
Shado-Pan Rider
50.8%
Shaman
Ancestral Knowledge
50.8%
Neutral 1
Argent Watchman
50.8%
Rogue
Shady Dealer
49.2%
Neutral 1
Boneguard Lieutenant
49.2%
Neutral 1
Dragonhawk Rider
49.2%
Neutral 2
Master of Ceremonies
47.6%
Neutral 2
Clockwork Knight
47.6%
Priest
Wyrmrest Agent
46%
Warlock
Wrathguard
46%
Neutral 2
Evil Heckler
46%
Neutral 2
Frigid Snobold
46%
Mage
Polymorph: Boar
44.4%
Neutral 2
Saboteur
44.4%
Warrior
Magnataur Alpha
42.9%
Neutral 3
Pit Fighter
42.9%
Rogue
Cutpurse
39.7%
Neutral 1
Ice Rager
39.7%
Neutral 2
Silent Knight
39.7%
Neutral 2
Crowd Favorite
38.1%
Neutral 1
Flame Juggler
34.9%
Neutral 2
Light's Champion
23.8%
Quiz Playlist
Details
Report
Send in Message
Add To Playlist
More Info:
Cards are ordered by mana cost, then alphabetically
Classic:
Type in answers that appear in a list
Last Updated: Aug 14, 2017
Quiz Scoreboard
CHALLENGE
Sign Up to Join the Scoreboard
Show All
Scores
Hide
Comments
May contain spoilers
Recently Published
5x2 Blitz: Bands
by SL_Kpop136
Music
30s
Colored Red Africa Blitz
by spor1
Geography
30s
Find the 'City' Movie
by crazypaving
Movies
60s
More to Explore
Quiz From the Vault
Featured Blog Post
14 Easter Pick-up Lines to Find Eggs With
hide this ad
You Might Also Like...
Tags
Card Games Quiz
Video Games Quiz
card
Card Sets
class
cost
grand
hearthstone
Mana
Rarity
Tournament
Today's Top Quizzes in Gaming
Browse Gaming
hide this ad
Today's Top Quizzes in Video Games
Browse Video Games
Top Contributed Quizzes in Gaming
1
Destiny 2 exotic weapons by perk icons
2
Legendary or Exotic?
3
Dead By Daylight Logic Puzzle
4
Genshin murder mystery
5
League of Legends Pro Players by Career/Team History
6
Overwatch Logic Puzzle
7
Stardew Mayhem 2: Electric Boogaloo
8
Windmill: Elements
9
Arcade Game Bunker
10
Valorant Utility Use (Up to Clove)
Explore More
Trending Topics
NBA
Crossword
Anime
Marvel
Kpop
Harry Potter
Disney
Soccer
NFL
Pokémon
WWE
Song
The Office
Puzzle
Country
hide this ad
More By:
pokefreak123
Quiz
Plays
Rating
Category
Featured
Created
Gen 1 Pokémon Crossword
3,958
4.76
Gaming
Aug 29, 2019
All Bug Type Pokemon (As of Scarlet/Violet)
3,915
4.92
Gaming
Apr 27, 2015
All Dark Type Pokemon (As of Scarlet/Violet)
3,632
4.88
Gaming
Aug 7, 2016
All Dragon Type Pokemon (As of The Indigo Disk DLC)
3,529
4.90
Gaming
Aug 9, 2016
All Electric Type Pokemon (As of The Indigo Disk DLC)
3,476
4.80
Gaming
Aug 3, 2016
Go to Creator's Profile
Score Distribution
Quiz Creator Spotlight
pokefreak123
Follow
Send a Message
Quizzes Created
-
Created Quiz Play Count
-
More By This Creator
Popular Quizzes Today
1
Find the 'City' Movie
2
5x2 Blitz: Bands
3
Colored Red Africa Blitz
4
Find the US States - No Outlines Minefield
5
The Countries of the World
6
Find the US States
7
9x9 Crossword: Cartoon Network
8
US States
More Gaming Quizzes
Video Game by Other Definition
Editor's Pick
Trending Quizzes
Colored Red Europe Blitz I
Colored Red Africa Blitz II
Colored Red Europe Blitz III
Colored Red Europe Blitz II
Colored Red Africa Blitz III
Recently Updated
Champions League XIs: Real Madrid
pecheneg
Largest US Cities 1790-2010
pecheneg
Rides in Walt Disney World
pecheneg
Most Oscar Losses (Acting)
pecheneg
Beyoncé Albums
pecheneg
Leaping Animals
pecheneg
Reality TV Shows (A-Z)
bhenderson79
Rickey Henderson's Hall of Fame Teammates
pecheneg
Champions League XIs: Arsenal
pecheneg
Quick Pick: Celebrities in WWE's Hall of Fame
aduchscher
Trending Topics
Crossword
Anime
NBA
Harry Potter
Disney
Marvel
Kpop
Puzzle
Pokémon
Song
Country
WWE
Soccer
The Office
NFL
Your Account Isn't Verified!
In order to create a playlist on Sporcle, you need to verify the email address you used during registration. Go to your
Sporcle Settings
to finish the process.
Report this User
Report this user for behavior that violates our
Community Guidelines
.
Details:
Send Report
Go to the Sporcle.com Mobile Site →
Comments